000 00606cam a22002053a 4500
001 40796
003 PGUSA
005 20140828083918.0
008 120918s2012||||xxu|||||s|||||000 | eng d
040 _aPGUSA
_beng
042 _adc
100 1 _aCooley, Anna M.
245 1 0 _aFoods and Household Management :
_bA Textbook of the Household Arts
_h[electronic resource] /
_cAnna M. Cooley
260 _bProject Gutenberg,
_c2012
506 _aPublic domain in the USA.
516 _aElectronic text
830 0 _aProject Gutenberg
_v40796
856 4 0 _uhttp://www.gutenberg.org/ebooks/40796
942 _cEB
999 _c270048
_d270048